000 00438nam a2200169 a 4500
001 0000-9285
003 ELIB.Books
008 110520 1951
035 _a(ELIB.Books)0000-9437
082 _a262.15
_bSpe
100 _aSpeers, Wallace C.
245 _aWhat on earth are you doing?
260 _bNew York: Harper and Brother
_c1951
650 _aSocial Theology
942 _2ddc
_cBK
998 _cbat
_e2011-05-20
999 _c9285
_d9285